000 00821pam a2200277 i 4500
001 17713
003 BD-RjUL
005 20211209000200.0
008 140217t19751968nyu 000 0 eng
020 _a0140150552
035 _a(BD-RjUL)17771
040 _aDLC
_cDLC
_dDLC
_beng
041 _aeng
082 0 0 _a813.4
_bJAP 1975
100 1 _aJames, Henry,
_d1843-1916.
_954593
245 1 4 _aThe portable Henry James /
_cedited, and with an introd., by Morton Dauwen Zabel.
250 _aRev. in 1968 /
260 _aNew York :
_bPenguin Books,
_c[1975] c1968.
300 _aviii, 696 p. ;
_c18 cm.
490 0 _aThe Viking Portable library
504 _aBibliography: p. 682-696.
700 1 _aZabel, Morton Dauwen,
_d1901-1964.
_954594
942 _2ddc
_cBK
999 _c17713
_d17713